003390000a2200145000450000500170000010000170001724500290003425000090006326000390007230000080011149000420011904000080016136500070016965000170017620120302065028.0 a Joshi, P.N. a Ratnajadit Dnyaneshwari a 1st aPune:Snehavardhan Prakashan, 2005. a92P aSnehavardhan Publishing House No. 485 aMar b70 aDnyaneshwari